Código de Comercio de la República Argentina (Registro nro. 493)
[ vista simple ]
| 000 -LEADER | |
|---|---|
| fixed length control field | 00928 a2200265 4500 |
| 001 - CONTROL NUMBER | |
| control field | 11724 |
| 005 - DATE AND TIME OF LATEST TRANSACTION | |
| control field | 20260407155440.0 |
| 008 - FIXED-LENGTH DATA ELEMENTS--GENERAL INFORMATION | |
| fixed length control field | 260407a2012 arg spa d |
| 003 - CONTROL NUMBER IDENTIFIER | |
| control field | AR-UNSa-BCEJYS |
| 040 ## - CATALOGING SOURCE | |
| Original cataloging agency | AR-UNSa-BCEJYS |
| Language of cataloging | spa |
| Transcribing agency | AR-UNSa-BCEJYS |
| 080 ## - UNIVERSAL DECIMAL CLASSIFICATION NUMBER | |
| Universal Decimal Classification number | 347.7(094.4) |
| Common auxiliary subdivision | Código de Comercio |
| 020 ## - INTERNATIONAL STANDARD BOOK NUMBER | |
| International Standard Book Number | 978-987-01-1327-0 |
| 041 ## - LANGUAGE CODE | |
| Language code of text/sound track or separate title | spa |
| 100 1# - MAIN ENTRY--PERSONAL NAME | |
| Personal name | Parada, Ricardo Antonio |
| 245 10 - TITLE STATEMENT | |
| Title | Código de Comercio de la República Argentina |
| 250 ## - EDITION STATEMENT | |
| Edition statement | 11a. ed |
| 264 #1 - PRODUCTION, PUBLICATION, DISTRIBUTION, MANUFACTURE, AND COPYRIGHT NOTICE | |
| Place of production, publication, distribution, manufacture | Buenos Aires : |
| Name of producer, publisher, distributor, manufacturer | Errepar |
| Date of production, publication, distribution, manufacture, or copyright notice | 2012 |
| 300 ## - PHYSICAL DESCRIPTION | |
| Extent | xvii, 1036 p. |
| Dimensions | 21 cm. |
| 590 ## - LOCAL NOTE (RLIN) | |
| Local note | niveau_biblio:m niveau_hierar:0 |
| 700 1# - ADDED ENTRY--PERSONAL NAME | |
| Personal name | Argentina [Código de Comercio] |
| 700 1# - ADDED ENTRY--PERSONAL NAME | |
| Personal name | Errecaborde, José Daniel |
| 700 1# - ADDED ENTRY--PERSONAL NAME | |
| Personal name | Cañada, Francisco Roberto |
| 856 41 - ELECTRONIC LOCATION AND ACCESS | |
| Uniform Resource Identifier | <a href="https://biblioeco.unsa.edu.ar/pmb/images/libros/C?digo de Comercio de la Rep?blica Argentina Argentina (C?digo de Comercio) (2012).jpg">https://biblioeco.unsa.edu.ar/pmb/images/libros/C?digo de Comercio de la Rep?blica Argentina Argentina (C?digo de Comercio) (2012).jpg</a> |
| Link text | Imagen de portada |
| Electronic format type | image/jpeg |
| 942 ## - ADDED ENTRY ELEMENTS (KOHA) | |
| Koha item type | |
| Withdrawn status | Lost status | Damaged status | Not for loan | Home library | Current library | Shelving location | Date acquired | Total checkouts | Full call number | Barcode | Date last seen | Price effective from | Koha item type |
|---|---|---|---|---|---|---|---|---|---|---|---|---|---|
| Biblioteca Prof. Eusebio Cleto del Rey | Biblioteca Prof. Eusebio Cleto del Rey | 07/04/2026 | 347.7(094.4) A691e 11ed. | L118903 | 07/04/2026 | 07/04/2026 | Libro |